| 000 | 00601nam a22002297a 4500 | ||
|---|---|---|---|
| 999 |
_c6606 _d6606 |
||
| 001 | 6606 | ||
| 003 | BD-JhCC | ||
| 005 | 20180130091825.0 | ||
| 008 | 180127b xxu||||| |||| 00| 0 eng d | ||
| 035 | _a(BD-JhCC)6606 | ||
| 040 |
_aBD-JhCC _dBD-JhCC |
||
| 041 | _aeng | ||
| 082 |
_a516 _bELE 1969 |
||
| 100 | _aMarcus, Marvin | ||
| 245 |
_aElementary Functions and Coordinate Geometry / _cMarvin Marcus, Henryk Minc |
||
| 260 |
_aBoston : _bHoughton Mifflin Company, _c1969. |
||
| 300 |
_a404 p. : _c26 cm. |
||
| 650 | _aGeometry | ||
| 700 | _aMinc, Henryk | ||
| 942 |
_2ddc _cBK |
||